000 00383nam a22001457a 4500
003 OSt
005 20211223100837.0
008 211223b |||||||| |||| 00| 0 eng d
020 _a0130930474
040 _cHU
082 _22nd
_a004.6DUS2003
100 _aDuck
_924555
245 _aData Communications & Computer Networks For Computer Scientists & Engineers
942 _2ddc
_cBOOKS
_n0
999 _c23661
_d23661